000 00556nam a22001937a 4500
005 20251108174919.0
008 250721s2009 xx 000 0 ara d
020 _a9772718731
082 1 4 _a745.61/عبد
100 1 _aعبد الصمد، حمدي
_eمؤلف
245 1 0 _aأسماء الله الحسنى /
264 1 _aالقاهرة :
_bمكتبة ابن سينا،
_c2009.
300 _a95 ص.
650 1 7 _aالأسماء الحسنى
650 1 7 _aالله
650 1 7 _aالخطوط العربية
942 _2ddc
_cBK
999 _c121368
_d121368